Numerical methods for partial differential equations : proceedings of an advanced seminar conducted by the Mathematics Research Center, the University of Wisconsin--Madison, October 23-25, 1978 /
Guardado en:
| Autores Corporativos: | , |
|---|---|
| Otros Autores: | |
| Formato: | Libro |
| Idioma: | English |
| Publicado: |
New York :
Academic Press,
1979.
|
| Series: | Publication of the Mathematics Research Center, the University of Wisconsin--Madison ;
no. 42. |
| Materias: | |
| Etiquetas: |
Agregar Etiqueta
Sin Etiquetas, Sea el primero en etiquetar este registro!
|
| LEADER | 01436cam a22002775a 4500 | ||
|---|---|---|---|
| 001 | EIQ.libpla000329 | ||
| 008 | 790827s1979####nyua#####b####101#0#eng#d | ||
| 005 | 20060512145517.0 | ||
| 245 | 1 | 0 | |a Numerical methods for partial differential equations : |b proceedings of an advanced seminar conducted by the Mathematics Research Center, the University of Wisconsin--Madison, October 23-25, 1978 / |c edited by Seymour V. Parter. |
| 260 | |a New York : |b Academic Press, |c 1979. | ||
| 300 | |a ix, 332 p. : |b il. ; |c 24 cm. | ||
| 490 | 1 | |a Publication of the Mathematics Research Center, the University of Wisconsin--Madison ; no. 42 | |
| 504 | |a Incluye bibliografía e índice. | ||
| 020 | |a 0125460503 | ||
| 111 | 2 | |a Advanced Seminar on Numerical Methods for Partial Differential Equations |d (1978 : |c Madison, Wis.) | |
| 700 | 1 | |a Parter, Seymour V., |e ed. |4 edt | |
| 710 | 2 | |a University of Wisconsin--Madison. |b Mathematics Research Center. | |
| 830 | 0 | |a Publication of the Mathematics Research Center, the University of Wisconsin--Madison ; |v no. 42. | |
| 082 | 0 | 0 | |a 510/.8 s |a 519.4 |
| 650 | 4 | |a Ecuaciones diferenciales parciales |x Congresos. | |
| 650 | 4 | |a Ecuaciones diferenciales parciales |x Soluciones numéricas. | |
| 650 | 4 | |a Differential equations, Partial |x Numerical solutions. | |
| 650 | 4 | |a Differential equations, Partial |x Congresses. | |
| 010 | |a 79020903 | ||
| 040 | |a DLC |c DLC |d AR-BbSID | ||
| 859 | |a AR-BbSID |b BIB. PLAPIQUI |h 519.4 |i P 21 |p 165 | ||
